000 00231 a2200097 4500
001 28212
100 _aJohnson, J H
245 _aDigital computation for chemical engineers
260 _a
_bMcGraw-Hill
_c1962
090 _c18842
_d18842
942 _aNUST-CAE
_cM
_c9827
999 _c263285
_d263285